Normal view
MARC view
- Muhammad Iftikhar Ali Khan, Raja
Entry Personal Name
001 - CONTROL NUMBER
- control field: 80046
003 - CONTROL NUMBER IDENTIFIER
- control field: NUST
005 - DATE AND TIME OF LATEST TRANSACTION
- control field: 20210628210600.0
008 - FIXED-LENGTH DATA ELEMENTS
- fixed length control field: 210628|| aca||aabn | a|a d
040 ## - CATALOGING SOURCE
- Original cataloging agency: NUST
- Transcribing agency: NUST
100 ## - HEADING--PERSONAL NAME
- Personal name: Muhammad Iftikhar Ali Khan, Raja
670 ## - SOURCE DATA FOUND
- Source citation: Work cat.: (NUST): Muhammad Iftikhar Ali Khan, Raja, Afghanistan tarikh kay muktalif advar may, 1996
